| 000 | 00675nam a22002057a 4500 | ||
|---|---|---|---|
| 003 | OSt | ||
| 005 | 20221028165602.0 | ||
| 008 | 221021b |||||||| |||| 00| 0 eng d | ||
| 020 | _a0 86355 4806 | ||
| 040 | _cBiblioteca LadoV | ||
| 082 |
_a700.74 _bW211g |
||
| 100 |
_9232 _aWallinger, Mark _eautor |
||
| 245 | _aBritish Pavilion the 49th Venice Biennale 2001/ | ||
| 260 |
_aLondres _c2001 _bBritish Counsil |
||
| 300 |
_a244p. _c12x18cm |
||
| 650 |
_2Tesauro de Arte & Arquitectura _aBIENNALE |
||
| 650 |
_2Tesauro de Arte & Arquitectura _aCENTROAMERICA |
||
| 650 |
_2Tesauro de Arte & Arquitectura _aPERIODISMO |
||
| 942 |
_2ddc _c1 _h700.74 _iW211b _n0 |
||
| 999 |
_c2398 _d2398 |
||